<?xml version="1.0" encoding="UTF-8"?>
<record
    xmlns:xsi="http://www.w3.org/2001/XMLSchema-instance"
    xsi:schemaLocation="http://www.loc.gov/MARC21/slim http://www.loc.gov/standards/marcxml/schema/MARC21slim.xsd"
    xmlns="http://www.loc.gov/MARC21/slim">

  <leader>00438nam a2200133   4500</leader>
  <controlfield tag="008">779.092 P419c</controlfield>
  <datafield tag="020" ind1=" " ind2=" ">
    <subfield code="a">9788565709125</subfield>
  </datafield>
  <datafield tag="082" ind1=" " ind2=" ">
    <subfield code="a">779.092</subfield>
    <subfield code="b">P419c</subfield>
  </datafield>
  <datafield tag="100" ind1=" " ind2=" ">
    <subfield code="a">Andr&#xE9; Penteado</subfield>
    <subfield code="9">6210</subfield>
  </datafield>
  <datafield tag="245" ind1=" " ind2=" ">
    <subfield code="a">Cabanagem</subfield>
  </datafield>
  <datafield tag="260" ind1=" " ind2=" ">
    <subfield code="a">S&#xE3;o Paulo</subfield>
    <subfield code="b">Editora Madalena</subfield>
    <subfield code="c">2015</subfield>
  </datafield>
  <datafield tag="300" ind1=" " ind2=" ">
    <subfield code="a">220 p.</subfield>
    <subfield code="b">ill (col), tres libros</subfield>
    <subfield code="c">28 x 22.5 cm., 22.5 x 22.5, 28 x 22 cm.</subfield>
  </datafield>
  <datafield tag="650" ind1=" " ind2=" ">
    <subfield code="x">arte contempor&#xE1;neo</subfield>
    <subfield code="x">fotograf&#xED;a</subfield>
    <subfield code="x">Brasil</subfield>
    <subfield code="x">Cabanagem</subfield>
    <subfield code="x">conflictos sociales</subfield>
    <subfield code="9">6212</subfield>
  </datafield>
  <datafield tag="999" ind1=" " ind2=" ">
    <subfield code="c">1412</subfield>
    <subfield code="d">1412</subfield>
  </datafield>
  <datafield tag="952" ind1=" " ind2=" ">
    <subfield code="0">0</subfield>
    <subfield code="1">0</subfield>
    <subfield code="2">ddc</subfield>
    <subfield code="4">0</subfield>
    <subfield code="7">0</subfield>
    <subfield code="a">LV</subfield>
    <subfield code="b">LV</subfield>
    <subfield code="c">Monograf&#xED;as</subfield>
    <subfield code="d">2018-03-17</subfield>
    <subfield code="l">0</subfield>
    <subfield code="o">779.092 P419c</subfield>
    <subfield code="r">2018-03-17 00:00:00</subfield>
    <subfield code="w">2018-03-17</subfield>
    <subfield code="y">01</subfield>
  </datafield>
</record>
